LEADER 02339nam 22004693 450 001 9910148988303321 005 20230808200240.0 010 $a9783736417472 010 $a3736417470 035 $a(CKB)3710000000924672 035 $a(MiAaPQ)EBC4734496 035 $a(Au-PeEL)EBL4734496 035 $a(CaPaEBR)ebr11297443 035 $a(OCoLC)963566262 035 $a(BIP)111971651 035 $a(BIP)33747503 035 $a(EXLCZ)993710000000924672 100 $a20210901d2016 uy 0 101 0 $aeng 135 $aurcnu|||||||| 181 $ctxt$2rdacontent 182 $cc$2rdamedia 183 $acr$2rdacarrier 200 10$aCommon Sense $eBestsellers and famous Books 205 $a1st ed. 210 1$aDinslaken :$canboco,$d2016. 210 4$dİ2016. 215 $a1 online resource (47 pages) 311 08$a9781456572075 311 08$a1456572075 327 $aIntro -- COMMON SENSE -- -- Common Sense -- INTRODUCTION. -- OF THE ORIGIN AND DESIGN OF GOVERNMENT IN GENERAL, WITH CONCISE REMARKS ON THE ENGLISH CONSTITUTION. -- OF MONARCHY AND HEREDITARY SUCCESSION. -- THOUGHTS ON THE PRESENT STATE OF AMERICAN AFFAIRS. -- OF THE PRESENT ABILITY OF AMERICA, WITH SOME MISCELLANEOUS REFLEXIONS. -- APPENDIX. 330 $aPaine marshaled moral and political arguments to encourage common people in the Colonies to fight for egalitarian government. It was published anonymously on January 10, 1776, at the beginning of the American Revolution, and became an immediate sensation. As of 2006, it remains the all-time best selling American title.Common Sense made public a persuasive and impassioned case for independence, which before the pamphlet had not yet been given serious intellectual consideration. He connected independence with common dissenting Protestant beliefs as a means to present a distinctly American political identity, structuring Common Sense as if it were a sermon. Historian Gordon S. Wood described Common Sense as "the most incendiary and popular pamphlet of the entire revolutionary era". 606 $aPHILOSOPHY / Social$2bisacsh 615 7$aPHILOSOPHY / Social 700 $aPaine$b Thomas$0234445 801 0$bMiAaPQ 801 1$bMiAaPQ 801 2$bMiAaPQ 906 $aBOOK 912 $a9910148988303321 996 $aCommon sense$91400657 997 $aUNINA